| 000 | 00472cam a2200181ua 4500 | ||
|---|---|---|---|
| 041 |
_aeng _h |
||
| 082 |
_a826 _bGRI/CO |
||
| 100 | _aGriggs, Earl Leslie . | ||
| 245 |
_aCollected letters of Samuel Taylor coleridge / _cEarl leslie Griggs. _hTextual Documents |
||
| 250 |
_a1 / _b. |
||
| 260 |
_aLondon : _bOxford University Press , _c1959. |
||
| 300 | _a999 ; . | ||
| 504 | _a | ||
| 942 | _cBK | ||
| 999 |
_c6836 _d6836 |
||